| 000 | 00354nam a2200133Ia 4500 | ||
|---|---|---|---|
| 005 | 20260326100046.0 | ||
| 008 | 260326s9999||||xx |||||||||||||| ||und|| | ||
| 100 | _aNuñez Jiménez, Antonio | ||
| 245 | 0 |
_aLa Habana / _cAntonio Nuñez Jiménez |
|
| 260 | _bEdiciones Cultura Hispánica | ||
| 300 | _a189 p. | ||
| 650 | _aARQUITECTURA REGIONAL | ||
| 942 | _cBK | ||
| 999 |
_c7197 _d7197 |
||